000 00331nam a22001337a 4500
008 170907b xxu||||| |||| 00| 0 eng d
020 _a0809416395
041 _aeng
080 _a721
100 _a41
101 _aNDI
245 _aHOW THINGS WORK IN YOUR HOME AND WHAT TO DO WHEN THEY DON;T
_cTIME LIFE BOOKS
942 _2udc
_cBK
999 _c26577
_d26577